000 00686cab a2200241 4500
001 WB3301-44
008 090401t1997 xxu||||| |||| 00| 0 eng d
035 _a(Sirsi) u13055
041 _aeng
245 _aMortgage lending
260 _c1997
350 _a0
490 _aDaily Telegraph
_v1 January 1997, 21(1)
520 _aAccording to the British Bankers` Association, mortgage lending during November 1996 was up 30% on November 1995. Statistics.
650 _aBRITISH BANKERS ASSOCIATION
650 _aHOUSING MARKET
650 _aMORTGAGE LENDING
650 _aMORTGAGES
650 _aSTATISTICS
690 _aHOUSING-FINANCE
942 _n0
948 _c04/03/1997
999 _c8390
_d8390